[Event "Let's Play Chess!"]
[Site "http://www.queenalice.com/game.php?id=899028"]
[Date "2011.2.11"]
[Round "-"]
[White "oscarpov"]
[Black "vitte10"]
[Result "1-0"]
[WhiteElo "1946"]
[BlackElo "1898"]

1. Nf3 Nc6 2. c4 e5 3. Nc3 g6 4. b3 Bg7 5. Ne4 d6 6. g3 Nge7 7. Bg2 O-O 8. O-O
d5 9. cxd5 Nxd5 10. Bb2 f5 11. Nc5 b6 12. Na4 e4 13. Bxg7 Kxg7 14. Ne1 Rf6 15.
Nc3 Nce7 16. Nxd5 Nxd5 17. Nc2 Bb7 18. d3 Nc3 19. Qd2 Nb5 20. Rad1 Rd6 21. Qe3
Nc3 22. Ra1 Qe7 23. dxe4 Bxe4 24. Qxc3+ 1-0

[Event "Let's Play Chess!"]
[Site "http://www.queenalice.com/game.php?id=899104"]
[Date "2011.2.11"]
[Round "-"]
[White "vitte10"]
[Black "plot24"]
[Result "0-1"]
[WhiteElo "1916"]
[BlackElo "1854"]

1. d4 d5 2. c4 e6 3. Nf3 Nf6 4. Bg5 Nbd7 5. e3 c6 6. Nbd2 Qa5 7. Bd3 Bb4 8. a3
Bxd2+ 9. Nxd2 dxc4 10. Bxc4 Qxg5 11. O-O Nb6 12. f4 Qg6 13. Be2 Nbd5 14. Rf3 Ng4
15. e4 Nde3 16. Qb3 Qf6 17. h3 Qxd4 0-1

[Event "Let's Play Chess!"]
[Site "http://www.queenalice.com/game.php?id=908047"]
[Date "2011.3.4"]
[Round "-"]
[White "vitte10"]
[Black "Patou"]
[Result "1-0"]
[WhiteElo "1861"]
[BlackElo "1886"]

1. d4 Nf6 2. c4 e6 3. Nc3 Bb4 4. Qb3 c5 5. dxc5 Bxc5 6. Nf3 O-O 7. e4 d6 8. Bd3
Nc6 9. O-O a6 10. Re1 Qc7 11. Qc2 Nb4 12. Qb1 Nxd3 13. Qxd3 Ng4 14. Re2 Qb6 15.
Nd1 Rd8 16. h3 Nf6 17. a3 d5 18. e5 Ne4 19. b4 Bf8 20. c5 Qc7 21. Nc3 Nxc3 22.
Qxc3 b6 23. Bg5 Re8 24. Rc2 bxc5 25. bxc5 Rb8 26. Nd4 a5 27. Rac1 Ba6 28. h4 Bc4
29. Qg3 Qxc5 30. Be3 Qxa3 31. h5 Qd3 32. Rc3 Qe4 33. f3 1-0

[Event "Let's Play Chess!"]
[Site "http://www.queenalice.com/game.php?id=908487"]
[Date "2011.3.4"]
[Round "-"]
[White "IlTurlaghino"]
[Black "vitte10"]
[Result "1/2-1/2"]
[WhiteElo "2002"]
[BlackElo "1855"]

1. d4 c6 2. e4 d5 3. exd5 cxd5 4. c4 Nf6 5. c5 Nc6 6. Nc3 e5 7. Bb5 exd4 8. Qxd4
a6 9. Ba4 Be7 10. Bxc6+ bxc6 11. b4 O-O 12. Bf4 a5 13. b5 cxb5 14. Nxb5 Qe8 15.
Nc7 Bxc5+ 16. Nxe8 Bxd4 17. Nxf6+ Bxf6 18. Rd1 Bb7 19. f3 Rfe8+ 20. Kf2 g5 21.
Be3 Rad8 22. Ne2 Rc8 23. Rd2 Bc3 24. Rd3 Bf6 25. Rb1 Ba6 26. Rxd5 Bxe2 27. Kxe2
Rc2+ 28. Rd2 Rc3 29. Rd3 Rc2+ 30. Rd2 Rc3 31. Rd3 1/2-1/2

[Event "Let's Play Chess!"]
[Site "http://www.queenalice.com/game.php?id=924255"]
[Date "2011.4.10"]
[Round "-"]
[White "Scharlatan"]
[Black "vitte10"]
[Result "1-0"]
[WhiteElo "2070"]
[BlackElo "1889"]

1. e4 e6 2. d4 d5 3. Nc3 Nf6 4. Bg5 Bb4 5. exd5 Qxd5 6. Bxf6 gxf6 7. Qd2 Qa5 8.
Nge2 Nd7 9. O-O-O Nb6 10. Qf4 Qg5 11. Ne4 Qxf4+ 12. Nxf4 Ke7 13. Bb5 c6 14. Be2
e5 15. Nd3 Bf5 16. Nxb4 Bxe4 17. f3 Bf5 18. Rhe1 Rad8 19. dxe5 fxe5 20. Bd3 Kf6
21. Bxf5 Rxd1+ 22. Rxd1 Kxf5 23. Nd3 h5 24. Nf2 Kf4 25. c3 h4 26. Nd3+ Kf5 27.
Nc5 Kf4 28. Nxb7 h3 29. gxh3 Rxh3 30. Rh1 Rxf3 31. h4 e4 32. h5 e3 33. Kd1 Nc4
34. h6 Nxb2+ 35. Kc2 Rf2+ 36. Kb3 e2 37. h7 Rf1 38. h8=Q e1=Q 39. Rxf1+ Qxf1 40.
Qf6+ 1-0

[Event "Challenge"]
[Site "http://www.queenalice.com/game.php?id=928720"]
[Date "2011.4.21"]
[Round "-"]
[White "vitte10"]
[Black "plot24"]
[Result "1-0"]
[WhiteElo "1878"]
[BlackElo "1762"]

1. d4 d5 2. c4 e6 3. Nc3 c6 4. e3 Nf6 5. Nf3 Be7 6. Qc2 O-O 7. Bd3 b6 8. O-O Bb7
9. Bd2 Na6 10. a3 Nc7 11. Ne2 Rc8 12. b4 dxc4 13. Qxc4 Nb5 14. a4 Nd6 15. Qc2 c5
16. Qb1 cxd4 17. Nfxd4 e5 18. Nb3 Nde4 19. f4 Qd5 20. Be1 Nd2 21. e4 Ndxe4 22.
fxe5 Qxe5 23. Ng3 Nxg3 24. Bxg3 Qd5 25. Ra2 Rc3 26. Nc1 Qd4+ 27. Raf2 Qxb4 28.
Qa2 Ra3 29. Qc2 Qxa4 30. Qc7 Nd5 31. Qxb7 Rd8 32. Rxf7 Bc5+ 33. Kh1 Ne7 34. Bc7
Raxd3 35. Nxd3 Re8 36. Nxc5 bxc5 37. Bd6 1-0

[Event "Challenge"]
[Site "http://www.queenalice.com/game.php?id=943978"]
[Date "2011.5.29"]
[Round "-"]
[White "vitte10"]
[Black "JabbaTheHutGoesMassive"]
[Result "0-1"]
[WhiteElo "1880"]
[BlackElo "1829"]

1. d4 b6 2. c4 e6 3. e4 Bb4+ 4. Bd2 Qe7 5. a3 Bxd2+ 6. Qxd2 Bb7 7. Nc3 d6 8. Bd3
Nd7 9. Nf3 O-O-O 10. O-O h5 11. h4 Nh6 12. d5 Nc5 13. Bc2 f5 14. Ng5 fxe4 15.
Ncxe4 Nf5 16. dxe6 Nxe6 17. Nxe6 Qxe6 18. Ng5 Qd7 19. Rfe1 Bxg2 20. Kxg2 Nxh4+
21. Kf1 Qg4 22. f4 Nf5 23. Bxf5+ Qxf5 24. Re7 Rdf8 25. Ne6 Rf7 26. Rxf7 Qxf7 27.
Ng5 Qxc4+ 28. Kg2 Re8 29. Kf3 Qb3+ 30. Kg2 Qb5 31. Rh1 Re2+ 0-1

[Event "Challenge"]
[Site "http://www.queenalice.com/game.php?id=943979"]
[Date "2011.5.29"]
[Round "-"]
[White "JabbaTheHutGoesMassive"]
[Black "vitte10"]
[Result "0-1"]
[WhiteElo "1439"]
[BlackElo "1862"]

1. Nf3 d5 2. b3 c5 3. g3 Nc6 4. Bb2 Bg4 5. Bg2 Qc7 6. Nc3 Nf6 7. O-O e5 8. Nb5
Qb6 9. a4 a6 10. Na3 Bd6 11. e3 O-O 12. h3 Be6 13. Qe2 Rac8 14. a5 Qxa5 15. Nc4
Qc7 16. d4 dxc4 17. bxc4 cxd4 18. exd4 exd4 19. Ng5 Rfe8 20. Be4 Bxh3 21. Nxh3
Rxe4 22. Qd3 Ne5 23. Qb3 Nxc4 24. Ng5 Rg4 25. Nf3 Bxg3 26. Kh1 Nxb2 27. Qxb2
Qxc2 28. Qxc2 Rxc2 29. fxg3 Ne4 30. Rg1 Nxg3+ 31. Rxg3 Rxg3 32. Nxd4 Rc5 33. Kh2
Rg4 34. Kh3 Rxd4 0-1

[Event "SAJ.12"]
[Site "http://www.queenalice.com/game.php?id=977456"]
[Date "2011.8.29"]
[Round "-"]
[White "Railton"]
[Black "vitte10"]
[Result "0-1"]
[WhiteElo "1805"]
[BlackElo "1854"]

1. g3 c5 2. Bg2 Nc6 3. c3 e6 4. Bxc6 bxc6 5. c4 d5 6. b3 Ba6 7. Na3 Be7 8. Nf3
Nf6 9. d3 O-O 10. O-O Nd7 11. Bb2 f5 12. Nc2 f4 13. Ne5 Nxe5 14. Bxe5 fxg3 15.
fxg3 Bf6 16. Bxf6 Rxf6 17. Ne3 h5 18. cxd5 cxd5 19. Qc2 Rc8 20. Rxf6 Qxf6 21.
Rf1 Qe5 22. Rf3 Bb7 23. Ng2 c4 24. Qd2 c3 25. Qc2 d4 26. Rf2 Bxg2 27. Kxg2 Qe3
28. b4 Qd2 29. Qb3 Rc6 30. e4 Qxd3 31. b5 Qxe4+ 32. Rf3 c2 0-1

[Event "Let's Play Chess!"]
[Site "http://www.queenalice.com/game.php?id=980424"]
[Date "2011.9.3"]
[Round "-"]
[White "equus"]
[Black "vitte10"]
[Result "1-0"]
[WhiteElo "1900"]
[BlackElo "1899"]

1. c4 c5 2. Nf3 Nf6 3. g3 b6 4. Bg2 Bb7 5. O-O d5 6. e3 e6 7. Re1 Bd6 8. Nc3
dxc4 9. e4 Nbd7 10. e5 Nxe5 11. Nxe5 Bxg2 12. Kxg2 O-O 13. Ng4 Nd7 14. d3 f5 15.
Ne3 cxd3 16. Qxd3 Bc7 17. f4 e5 18. Ned5 exf4 19. Bxf4 Bxf4 20. Nxf4 Qc7 21.
Qd5+ Kh8 22. Ne6 1-0

[Event "Let's Play Chess!"]
[Site "http://www.queenalice.com/game.php?id=980425"]
[Date "2011.9.3"]
[Round "-"]
[White "vitte10"]
[Black "equus"]
[Result "1-0"]
[WhiteElo "1883"]
[BlackElo "1888"]

1. e4 e6 2. d4 c5 3. Nc3 cxd4 4. Qxd4 Nc6 5. Qd1 Bc5 6. Bc4 Qf6 7. f4 Qd4 8. Qe2
Qd6 9. Nf3 Nd4 10. Be3 Nxf3+ 11. Qxf3 Bxe3 12. Qxe3 Qe7 13. O-O-O Nf6 14. h3 a6
15. e5 Ng8 16. g4 b5 17. Be2 Bb7 18. Bf3 Bxf3 19. Qxf3 Qd8 20. Rhg1 f6 21. Ne4
Ne7 22. exf6 gxf6 23. Nxf6+ Kf7 24. Nxd7 Nd5 25. Rxd5 exd5 26. Qxd5+ Kg7 27.
Qe5+ Kf7 28. Qf5+ Kg7 29. Ne5 Rf8 30. Nc6 Qf6 31. Nd4 Rf7 32. Qd5 Kg8 33. Qxa8+
Rf8 34. Qd5+ Kh8 35. Qe5 1-0

[Event "JBE Crosbee"]
[Site "http://www.queenalice.com/game.php?id=985092"]
[Date "2011.9.21"]
[Round "-"]
[White "agargent"]
[Black "vitte10"]
[Result "1-0"]
[WhiteElo "1910"]
[BlackElo "1883"]

1. e4 e5 2. Nf3 Nc6 3. Bb5 a6 4. Ba4 d6 5. O-O Nf6 6. Re1 b5 7. Bb3 d5 8. exd5
Nxd5 9. Nxe5 Nxe5 10. Rxe5+ Ne7 11. Qf3 Bd7 12. Qxf7# 1-0

[Event "Let's Play Chess!"]
[Site "http://www.queenalice.com/game.php?id=991056"]
[Date "2011.9.29"]
[Round "-"]
[White "vitte10"]
[Black "gustavline"]
[Result "0-1"]
[WhiteElo "1868"]
[BlackElo "1921"]

1. d4 g6 2. c4 Bg7 3. Nc3 Nf6 4. e4 d6 5. f4 O-O 6. Be2 c6 7. Nf3 e6 8. O-O b6
9. Be3 d5 10. Bd3 dxe4 11. Nxe4 Nxe4 12. Bxe4 f5 13. Bc2 c5 14. Rf2 Nc6 15. Rd2
Qe7 16. Ne5 Bxe5 17. dxe5 Bb7 18. Qe2 Rfd8 19. Rad1 Rxd2 20. Rxd2 Rd8 21. Rxd8+
Qxd8 22. Ba4 Nd4 23. Qd3 Nf3+ 0-1

[Event "Let's Play Chess!"]
[Site "http://www.queenalice.com/game.php?id=991410"]
[Date "2011.9.29"]
[Round "-"]
[White "vitte10"]
[Black "adelio"]
[Result "1-0"]
[WhiteElo "1878"]
[BlackElo "1702"]

1. e4 e5 2. Nf3 d6 3. Bc4 a6 4. a4 b6 5. c3 c5 6. O-O Bg4 7. d3 h6 8. Nbd2 g5 9.
h3 Bxf3 10. Qxf3 Nf6 11. Rd1 Nbd7 12. Nf1 Bg7 13. Ne3 h5 14. Nf5 g4 15. Nxd6+
Ke7 16. Nf5+ Kf8 17. hxg4 hxg4 18. Qg3 Qc7 19. f4 Ke8 20. Nxg7+ Kd8 21. Bxf7 Kc8
22. fxe5 Nxe5 23. Be6+ Kb7 24. Bf4 Qxg7 25. Bxe5 Qg5 26. Bxf6 Qxf6 27. Bd5+ Ka7
28. Bxa8 Kxa8 29. Qxg4 Qh6 30. Qh3 Qg7 31. Qf3 Ka7 32. d4 Qh7 33. dxc5 Qh1+ 34.
Kf2 Qh4+ 35. g3 Qh2+ 36. Ke3 Qh6+ 37. Qf4 Qc6 38. cxb6+ Qxb6+ 39. Rd4 Rb8 40. b4
Rc8 41. Rc1 a5 42. Kf3 axb4 43. Rxb4 Qc5 44. Qg4 Rf8+ 45. Ke2 Rf2+ 46. Kd3 Qd6+
47. Rd4 Qa6+ 48. c4 Rf7 49. Rd7+ Rxd7+ 50. Qxd7+ Ka8 51. Rb1 Qa7 52. Qc8+ Qb8
53. Qxb8# 1-0

[Event "Let's Play Chess!"]
[Site "http://www.queenalice.com/game.php?id=991411"]
[Date "2011.9.29"]
[Round "-"]
[White "adelio"]
[Black "vitte10"]
[Result "0-1"]
[WhiteElo "1709"]
[BlackElo "1868"]

1. e4 e5 2. Nf3 Nc6 3. c4 Nf6 4. d3 Bb4+ 5. Nbd2 O-O 6. a3 Bc5 7. h3 b6 8. g4 d6
9. Bg2 h6 10. O-O Nh7 11. b4 Bd4 12. Nxd4 Nxd4 13. Nf3 Nxf3+ 14. Qxf3 Ng5 15.
Bxg5 Qxg5 16. b5 a6 17. a4 axb5 18. cxb5 Be6 19. a5 Rxa5 20. Rxa5 bxa5 21. Qd1
Bd7 22. Qb3 Rb8 23. f4 exf4 24. Bf3 Rxb5 25. Qc2 Rc5 26. Qb2 Bb5 27. Rd1 Bd7 28.
d4 Rc4 29. e5 h5 30. Kh2 hxg4 31. hxg4 Qh4+ 32. Kg1 Bxg4 33. Qg2 Bxf3 34. Qxf3
dxe5 35. Kg2 Rxd4 36. Qa8+ Kh7 37. Rh1 Rd2+ 38. Kf3 Qxh1+ 39. Kg4 Qxa8 40. Kf5
Qd5 41. Kg4 Kg6 42. Kh4 Rd1 43. Kg4 Qg2+ 44. Kh4 Rh1# 0-1

[Event "Let's Play Chess!"]
[Site "http://www.queenalice.com/game.php?id=998204"]
[Date "2011.10.16"]
[Round "-"]
[White "FerreiraAzevedo"]
[Black "vitte10"]
[Result "1-0"]
[WhiteElo "2238"]
[BlackElo "1887"]

1. e4 c5 2. Nf3 Nc6 3. Bb5 g6 4. Nc3 Bg7 5. h3 a6 6. Bxc6 bxc6 7. O-O d5 8. e5
e6 9. b3 Qc7 10. Ba3 Bxe5 11. Nxe5 Qxe5 12. Na4 c4 13. Qf3 cxb3 14. Bb2 Qg5 15.
Qc3 d4 16. Qxc6+ Kd8 17. Qxa8 Qxd2 18. Rfd1 Qb4 19. Bxd4 bxc2 20. Bf6+ Kc7 21.
Bd8# 1-0

[Event "Let's Play Chess!"]
[Site "http://www.queenalice.com/game.php?id=998205"]
[Date "2011.10.16"]
[Round "-"]
[White "vitte10"]
[Black "FerreiraAzevedo"]
[Result "0-1"]
[WhiteElo "1887"]
[BlackElo "2242"]

1. d4 Nf6 2. c4 b6 3. Nc3 Bb7 4. Nf3 e6 5. e3 Bb4 6. Bd2 Bxc3 7. bxc3 O-O 8. Be2
c5 9. O-O Nc6 10. Rb1 Na5 11. Ne5 d6 12. Nd3 cxd4 13. cxd4 Nxc4 14. Be1 Rc8 15.
Qb3 Bd5 16. Bb4 Nxe3 17. Qa3 Nxf1 18. Rxf1 Rc2 19. Bxd6 Rxe2 20. Bxf8 Rxa2 21.
Qe7 Qxf8 0-1

[Event "Let's Play Chess!"]
[Site "http://www.queenalice.com/game.php?id=1001858"]
[Date "2011.10.26"]
[Round "-"]
[White "FeralChild"]
[Black "vitte10"]
[Result "1-0"]
[WhiteElo "1932"]
[BlackElo "1887"]

1. c4 c5 2. Nf3 b6 3. d4 Bb7 4. d5 e6 5. e4 Nf6 6. Nc3 Bd6 7. e5 Bxe5 8. Nxe5 d6
9. Nf3 Qe7 10. Be3 O-O 11. dxe6 Qxe6 12. Be2 d5 13. cxd5 Nxd5 14. Nxd5 Bxd5 15.
b3 Nc6 16. O-O a6 17. Re1 b5 18. Bxc5 1-0

[Event "Let's Play Chess!"]
[Site "http://www.queenalice.com/game.php?id=1003878"]
[Date "2011.11.1"]
[Round "-"]
[White "vitte10"]
[Black "Railton"]
[Result "1-0"]
[WhiteElo "1873"]
[BlackElo "1684"]

1. d4 d6 2. c4 a6 3. e4 c5 4. Nf3 b6 5. Be3 Bd7 6. Be2 e6 7. O-O Be7 8. Nc3 Nf6
9. e5 Ng4 10. exd6 Nxe3 11. dxe7 Nxd1 12. exd8=Q+ Kxd8 13. Raxd1 cxd4 14. Rxd4
f6 15. Rdd1 Ke7 16. Rfe1 Bc6 17. Nd4 e5 18. Nxc6+ Nxc6 19. Nd5+ Kf7 20. Nxb6
Rab8 21. c5 Nd4 22. Bc4+ Kg6 23. Bd3+ Kh6 24. Rc1 Rhd8 25. Bxa6 g5 26. Bd3 Kg7
27. Na4 Rbc8 28. b4 f5 29. Rxe5 Rf8 30. b5 Rce8 31. Rxe8 Rxe8 32. c6 Ne2+ 33.
Bxe2 Rxe2 34. c7 Rxa2 35. c8=Q f4 36. Qe6 1-0

[Event "Let's Play Chess!"]
[Site "http://www.queenalice.com/game.php?id=1003879"]
[Date "2011.11.1"]
[Round "-"]
[White "Railton"]
[Black "vitte10"]
[Result "0-1"]
[WhiteElo "1676"]
[BlackElo "1881"]

1. e4 e5 2. a3 Nf6 3. Nc3 b6 4. d3 Bb7 5. Be2 d5 6. Bg5 Be7 7. Bxf6 Bxf6 8. Nf3
O-O 9. O-O d4 10. Nb1 b5 11. b4 Nd7 12. Nfd2 c5 13. c4 a6 14. f4 Nb6 15. bxc5
Na4 16. f5 Nxc5 17. Nb3 Na4 18. Qc2 Qc7 19. N3d2 Bg5 20. Nf3 Be3+ 21. Kh1 bxc4
22. dxc4 Rfd8 23. Qxa4 Bxe4 24. Nfd2 Bxb1 25. Nxb1 e4 26. Qb4 d3 27. Rd1 Qf4 28.
Rf1 Qe5 29. Nc3 dxe2 30. Nxe2 Rd2 31. Ng3 Rb8 32. Qa5 Qxa5 33. Rab1 Rxb1 34.
Rxb1 Ba7 35. Nxe4 Re2 0-1